000 00695cab a2200217 4500
001 X77339
008 090401t1997 xxu||||| |||| 00| 0 eng d
035 _a(Sirsi) u77339
041 _aeng
245 _aSwan Hill Development Ltd v British Waterways Board
260 _c1997
350 _a0
490 _aNew Property Cases
_v[1997] NPC 29
520 _aCA 25 February 1997. Some riparian owners have land through which a canal was cut and are entitled to exercise rights conferred by a Private Act. NOT TO BE PHOTOCOPYED
650 _aCANALS
650 _aGRAND JUNCTION CANAL ACT 1793
650 _aPRIVATE ACTS
650 _aRIPARIAN RIGHTS
942 _n0
948 _c24/03/1997
999 _c48625
_d48625